Najcennejší pohár zdobí vitrínu Vyšnej Slanej

Podrobná bibliografia
Hlavný autor: Csobádi, Karol, 1956-2016 (Autor)
Médium: Článok
Jazyk:slovenčina
Fyzický popis:Fotogr.
ISSN:1335-7581
Predmet:

MARC

LEADER 00000nab a2200000 a 4500
001 vtls009091142
003 SK-MaSNL
005 20260318043913.0
008 070904c20070731xo mr| 0 0slo
038 |a RVGKPD 
040 |a RVGKPD  |b slo  |c RVGKPD  |e AACR2 
041 |a slo 
044 |a xo  |c SK 
080 |a 796.332  |2 1997 
100 1 |a Csobádi, Karol,  |d 1956-2016  |4 aut  |9 1634959 
245 1 0 |a Najcennejší pohár zdobí vitrínu Vyšnej Slanej  |c Karol Csobádi 
300 |b Fotogr. 
611 2 7 |a Memoriál Jána Lukáča  |2 rvgkpd  |9 1614784 
611 1 7 |a Memoriál Ericha Vysokého  |2 rvgkpd  |9 1026873 
650 0 7 |a futbal  |2 rvgkpd  |9 3291 
651 7 |a Vyšná Slaná (Slovensko)  |2 rvgkpd  |9 27911 
651 7 |a Rožňava (Slovensko : okres)  |2 rvgkpd  |9 19215 
773 0 |t Korzár : Gemerský denník  |g Roč. IX, č. 175 (31.7.2007), s. 12  |x 1335-7581 
852 |a RVGKPD  |b KIS3G 
992 |a RBX 
999 |c 3326639  |d 3328569